=LDR 00000nam 2200000 4500 =001 INLIS000000000033485 =005 20130612135432 =008 ***********************************ind** =035 ##$$0010-061300000033485 =041 ##$$a ind =082 ##$$a 610.730 01 =090 ##$$a 610.730 01, Mub i =100 ##$$a MUBARAK, Wahit Iqbal =245 ##$$a Ilmu Kepeawatan Komunitas / WAhit Iqbal Mubarak, Nurul Chayatin ; editor, Rida Anggraini =260 ##$$a 2009 $b Jakarta =300 ##$$a . - - Jil, ilus, 26 cm =650 ##$$a Keperawatan =700 ##$$a Chayatin, Nurul =850 ##$$a NBPNMAT